LEADER 00950nam0-2200337-i-450- 001 990009596380403321 005 20120625142540.0 010 $a978-0-8218-4479-3 035 $a000959638 035 $aFED01000959638 035 $a(Aleph)000959638FED01 035 $a000959638 100 $a20120625d2008----km-y0itay50------ba 101 0 $aeng 102 $aUS 105 $aa---a---001yy 200 1 $aComplex made simple$fDavid C. Ullrich 210 $aProvidence$cAmerican Mathematical Society$d2008 215 $aXI, 489 p.$d26 cm 225 1 $aGraduate studies in mathematics$v97 610 0 $aFunzioni di una variabile complessa$aEsposizione didattica 676 $a515'.9 700 1$aUllrich,$bDavid C.$0517013 801 0$aIT$bUNINA$gREICAT$2UNIMARC 901 $aBK 912 $a990009596380403321 952 $aC-68-(97$b25337$fMA1 959 $aMA1 962 $a30-01 996 $aComplex made simple$9845099 997 $aUNINA LEADER 01216nam2-2200385li-450 001 990000206320203316 005 20180312154902.0 010 $a3-540-63358-8 035 $a0020632 035 $aUSA010020632 035 $a(ALEPH)000020632USA01 035 $a0020632 100 $a20001109d1997----km-y0itay0103----ba 101 0 $aeng 102 $aGW 200 1 $aHybrid systems IV$fPanos Antsaklis ... [et al.] (eds.) 210 $aBerlino$cSpringer-Verlag$dcopyr. 1997 215 $aX,404 p.$cill.$d23 cm 225 2 $aLecture notes in computer science$v1273 410 0$10010020264$12001$aLecture notes in computer science 610 1 $aelaboratori elettronici 676 $a00419$9Elaboratori ibridi e analogici 702 1$aAntsaklis,$bPanos 801 $aSistema bibliotecario di Ateneo dell' Università di Salerno$gRICA 912 $a990000206320203316 951 $a001 LNCS (1273)$b0020841$c001$d00104030 959 $aBK 969 $aSCI 979 $c19971122 979 $c20001110$lUSA01$h1714 979 $aALANDI$b90$c20010202$lUSA01$h1445 979 $c20020403$lUSA01$h1628 979 $aPATRY$b90$c20040406$lUSA01$h1615 996 $aHybrid systems IV$91501956 997 $aUNISA LEADER 01012nam a22002771i 4500 001 991000768769707536 005 20040130120524.0 008 040220s1974 it |||||||||||||||||ita 035 $ab12667742-39ule_inst 035 $aARCHE-066608$9ExL 040 $aDip.to Scienze pedagogiche$bita$cA.t.i. Arché s.c.r.l. Pandora Sicilia s.r.l. 082 04$a133.9 100 1 $aGuénon, René$0384648 245 10$aErrore dello spiritismo /$cRené Guénon ; traduzione dal francese di Pietro Nutrizio e Luigi Grozio 260 $aMilano :$bRusconi,$c1974 300 $a398 p. ;$c21 cm 440 0$aCultura nuova 650 4$aSpiritismo 700 1 $aNutrizio, Pietro 700 1 $aGrozio, Luigi 907 $a.b12667742$b02-04-14$c17-03-04 912 $a991000768769707536 945 $aLE022 MPs-S 118 D 31$g1$i2022000175807$lle022$o-$pE0.00$q-$rl$s- $t0$u0$v0$w0$x0$y.i13175919$z17-03-04 996 $aErrore dello spiritismo$9272760 997 $aUNISALENTO 998 $ale022$b17-03-04$cm$da $e-$fita$git $h0$i1